书目信息 |
| 题名: |
现代实验仪器原理与应用
|
|
| 作者: | 刘文清 , 文公皊 编著 | |
| 分册: | ||
| 出版信息: | 北京 科学出版社 1998 |
|
| 页数: | 193 | |
| 开本: | 26cm | |
| 丛书名: | ||
| 单 册: | ||
| 中图分类: | TH73 | |
| 科图分类: | ||
| 主题词: | 物理学--仪器 , 力学--仪器 | |
| 电子资源: | ||
| ISBN: | 7-03-004781-8 | |
| 000 | 00631nam0 2200205 450 | |
| 001 | 0754114953 | |
| 005 | 20070929150154.95 | |
| 010 | @a7-03-004781-8 | |
| 100 | @a20070929d km y0chiy0120 ea | |
| 101 | 0 | @achi |
| 200 | 1 | @a现代实验仪器原理与应用@Axian dai shi yan yi qi yuan li yu ying yong@f刘文清,文公皊 编著@Fliu wen qing,wen gong ling bian zhu |
| 210 | @a北京@c科学出版社@d1998 | |
| 215 | @a193@c插图@d26cm | |
| 606 | 0 | @a物理学@x仪器 |
| 606 | 0 | @a力学@x仪器 |
| 690 | @aTH73@v3 | |
| 701 | 0 | @a刘文清@Aliu wen qing@4编著 |
| 701 | 0 | @a文公皊@Awen gong ling@4编著 |
| 801 | 0 | @aCN@bPFT@c20070929 |
| 905 | @a213230@dTH73@eh2@f1 | |
| 现代实验仪器原理与应用/刘文清,文公皊 编著.-北京:科学出版社,1998 |
| 193:插图;26cm |
| ISBN 7-03-004781-8: |
| ● |
| 相关链接 |
|
|
|
|
正题名:现代实验仪器原理与应用
索取号:TH73/h2
 
预约/预借
| 序号 | 登录号 | 条形码 | 馆藏地/架位号 | 状态 | 备注 |
| 1 | 6001530 | 260015307 | 密集书库-化学系/ [索取号:TH73/h2] | 在馆 |